Normal view
MARC view
- Ulvenes, Pål G.
Entry Personal Name
001 - CONTROL NUMBER
- control field: 69308
003 - CONTROL NUMBER IDENTIFIER
- control field: OSt
005 - DATE AND TIME OF LATEST TRANSACTION
- control field: 20251107174735.0
008 - FIXED-LENGTH DATA ELEMENTS
- fixed length control field: 251107|| aca||aabn | a|a d
040 ## - CATALOGING SOURCE
- Original cataloging agency: OSt
100 ## - HEADING--PERSONAL NAME
- Personal name: Ulvenes, Pål G.
- Relator term: author.
